Microsoft power point 2013: Step by step (Record no. 11071)

MARC details
000 -LEADER
fixed length control field 00450nam a2200169Ia 4500
008 - FIXED-LENGTH DATA ELEMENTS--GENERAL INFORMATION
fixed length control field 230917s9999||||xx |||||||||||||| ||und||
020 ## - ISBN
Price RS750
040 ## - CATALOGING SOURCE
-- 213783
Original cataloging agency VIVEKANANDA LIBRARY
041 ## - Language
-- English
082 ## - DDC NUMBER
Classification number 005.58 C839M
100 ## - MAIN ENTRY--PERSONAL NAME
Personal name Cox, Joyce
245 #0 - TITLE STATEMENT
Title Microsoft power point 2013: Step by step
260 ## - PUBLICATION, DISTRIBUTION, ETC. (IMPRINT)
Place of publication, distribution, etc Delhi
Name of publisher, distributor, etc PHI Learning
Date of publication, distribution, etc 2013
300 ## - PHYSICAL DESCRIPTION
Pages xvi, 461 p.
500 ## - GENERAL NOTE
General note 62 15/01/2014 5648 03/02/2014 Mathematics (NBHM)
942 ## - ADDED ENTRY ELEMENTS (KOHA)
Koha item type Books
Holdings
Withdrawn status Lost status Damaged status Not for loan Location (home branch) Sublocation or collection (holding branch) Date acquired Koha issues (times borrowed) Koha full call number Accession No. Koha date last seen Koha item type
        VIVEKANANDA LIBRARY VIVEKANANDA LIBRARY 05/03/2014   005.58 C839M 336165 17/09/2023 Books
        VIVEKANANDA LIBRARY VIVEKANANDA LIBRARY 05/03/2014   005.58 C839M 336166 17/09/2023 Books
        VIVEKANANDA LIBRARY VIVEKANANDA LIBRARY 05/03/2014   005.58 C839M 336167 17/09/2023 Books
        VIVEKANANDA LIBRARY VIVEKANANDA LIBRARY 05/03/2014   005.58 C839M 336168 17/09/2023 Books
        VIVEKANANDA LIBRARY VIVEKANANDA LIBRARY 05/03/2014   005.58 C839M 336169 17/09/2023 Books
        VIVEKANANDA LIBRARY VIVEKANANDA LIBRARY 05/03/2014   005.58 C839M 336170 17/09/2023 Books
        VIVEKANANDA LIBRARY VIVEKANANDA LIBRARY 05/03/2014   005.58 C839M 336171 17/09/2023 Books
        VIVEKANANDA LIBRARY VIVEKANANDA LIBRARY 05/03/2014   005.58 C839M 336172 17/09/2023 Books
        VIVEKANANDA LIBRARY VIVEKANANDA LIBRARY 05/03/2014   005.58 C839M 336173 17/09/2023 Books
        VIVEKANANDA LIBRARY VIVEKANANDA LIBRARY 05/03/2014   005.58 C839M 336174 17/09/2023 Books
        VIVEKANANDA LIBRARY VIVEKANANDA LIBRARY 05/03/2014   005.58 C839M 340197 17/09/2023 Books
        VIVEKANANDA LIBRARY VIVEKANANDA LIBRARY 05/03/2014   005.58 C839M 340198 17/09/2023 Books
© Designed and Maintained by Vivekananda Library, MDU Rohtak